元素記号クイズ - Statistics

General Stats
  • This quiz has been taken 1,232 times
  • The average score is 58 of 118
Answer Stats
原子番号 元素記号 % Correct
1 H
98%
5 B
96%
6 C
96%
7 N
96%
8 O
96%
16 S
95%
9 F
94%
2 He
93%
19 K
93%
15 P
93%
4 Be
90%
3 Li
90%
10 Ne
89%
53 I
88%
20 Ca
86%
11 Na
86%
13 Al
85%
12 Mg
85%
18 Ar
83%
14 Si
82%
17 Cl
81%
29 Cu
77%
26 Fe
76%
23 V
76%
92 U
75%
47 Ag
74%
74 W
73%
39 Y
73%
79 Au
72%
30 Zn
67%
27 Co
66%
24 Cr
66%
28 Ni
66%
113 Nh
63%
22 Ti
63%
25 Mn
59%
31 Ga
58%
21 Sc
58%
35 Br
57%
33 As
55%
32 Ge
54%
56 Ba
53%
34 Se
53%
36 Kr
52%
54 Xe
51%
78 Pt
50%
118 Og
49%
80 Hg
48%
88 Ra
45%
42 Mo
44%
38 Sr
44%
57 La
43%
85 At
42%
84 Po
41%
52 Te
41%
89 Ac
40%
83 Bi
40%
37 Rb
40%
58 Ce
39%
75 Re
39%
86 Rn
39%
50 Sn
39%
95 Am
38%
87 Fr
38%
91 Pa
38%
82 Pb
38%
102 No
37%
94 Pu
37%
48 Cd
36%
55 Cs
36%
41 Nb
36%
44 Ru
36%
73 Ta
36%
59 Pr
35%
43 Tc
33%
49 In
32%
67 Ho
31%
76 Os
31%
51 Sb
31%
40 Zr
31%
112 Cn
30%
96 Cm
29%
110 Ds
29%
63 Eu
29%
45 Rh
29%
117 Ts
29%
70 Yb
29%
98 Cf
28%
105 Db
28%
99 Es
28%
77 Ir
28%
60 Nd
28%
46 Pd
28%
106 Sg
28%
81 Tl
28%
72 Hf
27%
71 Lu
27%
111 Rg
27%
114 Fl
26%
108 Hs
26%
93 Np
26%
62 Sm
26%
68 Er
25%
64 Gd
24%
103 Lr
24%
116 Lv
24%
61 Pm
24%
100 Fm
23%
115 Mc
23%
109 Mt
23%
90 Th
23%
97 Bk
22%
66 Dy
22%
101 Md
22%
107 Bh
21%
65 Tb
20%
104 Rf
19%
69 Tm
19%
No matching quizzes found
Score Distribution
Percent of People with Each Score
Percentile by Number Answered
Your Score History
You have not taken this quiz